Tax debt collection : measuring taxpayer opinions regarding private collection agencies : testimony before the Committee on Ways and Means, House of Representatives /

Bibliographic Details
Main Author: Kutz, Gregory D.
Corporate Authors: United States. Congress. House. Committee on Ways and Means, United States. Government Accountability Office
Format: Government Document eBook
Language:English
Published: [Washington, D.C.] : U.S. Govt. Accountability Office, [2007]
Series:Testimony ; GAO-07-890 T.
Subjects:
Online Access:https://purl.fdlp.gov/GPO/LPS83448

MARC

Tag First Indicator Second Indicator Subfields
LEADER 00000cam a2200000 a 4500
001 in00002352154
005 20211129154731.0
006 m d f
007 cr mn|||||||||
008 070712s2007 dcu sb f000 0 eng c
035 |a (OCoLC)ocn154725138 
037 |b GAO (202)512-6000 (voice); (202)512-6061 (Fax); (202)512-2537 (TDD)  |f paper copy 
040 |a GPO  |c GPO  |d MvI  |d UtOrBLW 
042 |a pcc 
043 |a n-us--- 
049 |a WWW 
074 |a 0546-D-01 (online) 
086 0 |a GA 1.5/2:GAO-07-890 T 
100 1 |a Kutz, Gregory D. 
245 1 0 |a Tax debt collection :  |b measuring taxpayer opinions regarding private collection agencies : testimony before the Committee on Ways and Means, House of Representatives /  |c statement of Gregory D. Kutz. 
246 3 0 |a Measuring taxpayer opinions regarding private collection agencies 
264 1 |a [Washington, D.C.] :  |b U.S. Govt. Accountability Office,  |c [2007] 
300 |a 8 pages :  |b digital, PDF file. 
336 |a text  |b txt  |2 rdacontent 
337 |a computer  |b c  |2 rdamedia 
338 |a online resource  |b cr  |2 rdacarrier 
490 1 |a Testimony ;  |v GAO-07-890 T 
538 |a Mode of access: Internet from GPO Access web site. Address as of 7/9/07: http://frwebgate.access.gpo.gov/cgi-bin/getdoc.cgi?dbname=gao&docid=f:d07890t.pdf; current access available via PURL. 
500 |a Title from title screen (viewed on July 9, 2007). 
500 |a "For release ... May 23, 2007." 
500 |a Paper version available from: U.S. Govt. Accountability Office, 441 G St., NW, Rm. LM, Washington, D.C. 20548. 
504 |a Includes bibliographical references. 
500 |a Electronic resource. 
610 1 0 |a United States.  |b Internal Revenue Service. 
650 0 |a Tax collection  |z United States. 
650 0 |a Letting of contracts  |z United States  |x Evaluation. 
650 0 |a Consumers  |z United States  |x Attitudes. 
710 1 |a United States.  |b Congress.  |b House.  |b Committee on Ways and Means. 
710 1 |a United States.  |b Government Accountability Office. 
830 0 |a Testimony ;  |v GAO-07-890 T. 
856 4 0 |u https://purl.fdlp.gov/GPO/LPS83448  |t 0 
999 |a MARS 
999 f f |s d8646afb-1f6a-37ba-8def-16d9a97fafcb  |i 0aa05d51-0b18-3a66-907d-b985eb78c3c0  |t 0 
952 f f |a Texas A&M University  |b College Station  |c Electronic Resources  |d Available Online  |t 0  |e GA 1.5/2:GAO-07-890 T  |h Superintendent of Documents classification 
998 f f |a GA 1.5/2:GAO-07-890 T  |t 0  |l Available Online